Zgadnij Państwa po fladze - Statystyki

Ogólne statystyki
  • Ten quiz został rozwiązany 149 razy
  • Średni wynik to 8 z 11
Statystyki odpowiedzi
Obrazkowy Odpowiedź % Poprawnych
Francja
97%
Polska
97%
Argentyna
90%
Austria
89%
Izrael
87%
Watykan
86%
Nigeria
81%
Tunezja
76%
Zjednoczone Emiraty Arabskie
58%
Liberia
47%
Trynidad i Tobago
36%
Nie znaleziono quizów pasujących do podanych kryteriów
Rozkład punktacji
Procent ludzi z każdym wynikiem
Percentyl według liczby udzielonych odpowiedzi
Twoja historia wyników
Nie rozwiązałeś tego quizu